Prefektury Japonii - Statystyki

Ogólne statystyki
  • Ten quiz został rozwiązany 7 093 razy
  • Średni wynik to 15 z 47
Odpowiedzi na mapie
Odpowiedzi zakodowano w zielono-czerwonej skali na mapie do tego quizu, zgodnie z poniższymi procentami.
 
Statystyki odpowiedzi
Prefektura % Poprawnych
Tokio
91%
Hokkaido
70%
Osaka
68%
Nagasaki
65%
Kioto
60%
Hiroszima
59%
Okinawa
51%
Fukushima
39%
Chiba
34%
Aomori
33%
Fukuoka
33%
Nara
33%
Akita
31%
Saitama
31%
Miyazaki
29%
Gunma
28%
Miyagi
28%
Niigata
28%
Aichi
27%
Iwate
27%
Kanagawa
27%
Nagano
27%
Gifu
26%
Mie
26%
Saga
26%
Ehime
25%
Fukui
25%
Kagoshima
25%
Yamaguchi
25%
Ibaraki
24%
Kagawa
24%
Kumamoto
24%
Ōita
24%
Okayama
24%
Shizuoka
24%
Tottori
24%
Hyōgo
23%
Kōchi
23%
Wakayama
23%
Yamagata
23%
Yamanashi
23%
Ishikawa
22%
Shimane
21%
Tochigi
21%
Tokushima
21%
Toyama
21%
Shiga
20%
Nie znaleziono quizów pasujących do podanych kryteriów
Rozkład punktacji
Procent ludzi z każdym wynikiem
Percentyl według liczby udzielonych odpowiedzi
Twoja historia wyników
Nie rozwiązałeś tego quizu